01401nam a2200277 a 4500001001000000003000400010005001700014008004100031040002500072049000900097082001700106245009300123260006500216300002000281490006900301600003600370700003100406700003400437830007200471942001400543952012700557952012700684952017400811952012100985999001701106000021056OSt20250924073802.0100830s1946 dr 001 0 spa d aDO-SdBNPbspacBNPHU aBNPD a921.6bC341h00aHomenaje a Antonio Caso /ccolaboradores Pedro Antonio Sánchez, Joaquín E. Salazar. aCiudad Trujillo, República Dominicana :b Montalvo,c1946. a37 p. ;c25 cm.1 aPublicaciones de la Universidad Autónoma de Santo Domingo:v42 4aCASO, ANTONIOy1883-19469440391 aSánchez, Troncoso9440401 aSalazar, Joaquín E.9440411 aPublicaciones de la Universidad Autónoma de Santo Domingov42952 2ddccLBS1 001054708RVaGRbGRcCTd2010-09-09iLF1l0o921.6 C341hp21056-20r2020-06-25te. 3w2020-06-25y4ZPréstamo en sala 001054708RVaGRbGRcCTd2011-09-06iLF1l0o921.6 C341hp21056-40r2020-06-25te. 4w2020-06-25y4ZPréstamo en sala 001050718RVaPDbPDcCTd2010-08-30iLF1l0o921.6 C341hp21056-10r2020-06-25w2020-06-25y1zPerteneció a la biblioteca personal de Martínez Boog.ZNo se presta 001050718RVaPDbPDcCTd2010-11-24iLF1l0o921.6 C341hp21056-30r2020-06-25te. 2w2020-06-25y1ZNo se presta c20559d20559